| 000 | 00868nam a22001817a 4500 | ||
|---|---|---|---|
| 999 |
_c61535 _d61535 |
||
| 005 | 20240322095959.0 | ||
| 008 | 240322c2022 ge ||||| |||| 00| 0 geo d | ||
| 022 | _a2449-2396 | ||
| 041 | _ageo | ||
| 245 |
_aგლობალიზაცია და ბიზნესი = Globalization & business : _bსამეცნიერო–პრაქტიკული ჟურნალი / _cევროპის უნივერსიტეტი. |
||
| 260 |
_aთბილისი, _c2016- |
||
| 300 | _aV. | ||
| 653 | _aგლობალიზაცია და ბიზნესი | ||
| 653 | _aპერიოდიკა | ||
| 700 |
_aბედიანაშვილი, გივი _eმთავარი რედაქტორი _921541 |
||
| 710 |
_aევროპის უნივერსიტეტი _914006 |
||
| 942 |
_2udc _cCR |
||